Emma Watson Filmography - Statistics

General Stats
  • This quiz has been taken 400 times
    45 since last reset
  • The average score is 14 of 45
Answer Stats
Type Year Name % Correct
Film 2002 Harry Potter and the Chamber of Secrets
94%
Film 2005 Harry Potter and the Goblet of Fire
88%
Film 2009 Harry Potter and the Half-Blood Prince
88%
Film 2001 Harry Potter and the Philosopher's Stone
88%
Film 2004 Harry Potter and the Prisoner of Azkaban
88%
Film 2010 Harry Potter and the Deathly Hallows - Part 1
85%
Film 2011 Harry Potter and the Deathly Hallows - Part 2
85%
Film 2007 Harry Potter and the Order of the Phoenix
85%
Film 2019 Little Women
68%
Film 2012 The Perks of Being a Wallflower
68%
Film 2017 Beauty and the Beast
59%
Film 2013 The Bling Ring
59%
Film 2017 The Circle
56%
Film 2014 Noah
35%
TV Film 2007 Ballet Shoes
29%
Film 2013 This Is the End
29%
Film 2011 My Week with Marilyn
26%
Film 2015 Regression
24%
Film 2015 Colonia
21%
Web Special 2022 Harry Potter 20th Anniversary: Return to Hogwarts
21%
TV Show 2015 The Vicar of Dibley
21%
Commercial 2022 Prada Paradoxe
18%
Film 2008 The Tale of Despereaux
18%
Theme Park Attraction 2010 Harry Potter and the Forbidden Journey
12%
TV Special 2016 Red Nose Day
9%
Music Video 2010 Say You Don't Want It
9%
Commercial 2001 Cheerios
6%
TV Documentary 2001 Harry Potter: Behind the Magic
6%
Commercial 2011 Lancôme - Trésor Midnight Rose
6%
TV Special 2022 Pickled
6%
TV Special 2006 The Children's Party at the Palace
6%
TV Documentary 2007 The Hidden Secrets of Harry Potter
6%
TV Special 2021 An Audience with Adele
3%
TV Show 2008 Blue Peter
3%
TV Show 2018 Dancing with the Stars
3%
Documentary Series 2005 Getaway
3%
TV Special 2003 Julie Walters: A BAFTA Tribute
3%
TV Show 2004, 2005 Ministry of Mayhem
3%
TV Special 2004 Nick Takes Over the Superbowl
3%
Documentary Series 2001 Omnibus
3%
Documentary 2014 Road to the Riches
3%
TV Show 2002 The Wayne Brady Show
3%
TV Show 2010 The X Factor UK
3%
TV Show 2004 Total Request Live
3%
TV Show 2004 Total Request Live UK
3%
No matching quizzes found
Score Distribution
Percent of People with Each Score
Percentile by Number Answered
Your Score History
You have not taken this quiz since the last reset